| 000 | 01785nam0a2200397 4500 | ||
|---|---|---|---|
| 001 | RU\NLR\bibl\1260523 | ||
| 005 | 20250615131112.0 | ||
| 010 |
_a978-5-91180-794-8 _bв пер. _94000 |
||
| 021 |
_aRU _b2008-47892 _92646 |
||
| 035 | _a(nilc)EL/0000199669 | ||
| 035 | _a(NLR Aleph) 001246521 | ||
| 090 |
_a292040 _c292040 |
||
| 100 | _a20080617d2008 |||y0rusy50 ca | ||
| 101 | 0 | _arus | |
| 102 | _aRU | ||
| 105 | _aa z ||||| | ||
| 200 | 1 |
_aУправление качеством _eучебное пособие для студентов, обучающихся по специальности 080502 "Экономика и управление на предприятии (по отраслям)" _fЕ. А. Горбашко |
|
| 210 |
_aСанкт-Петербург [и др.] _cПитер _d2008 |
||
| 215 |
_a382 с. _cил. _d21 |
||
| 225 | 1 | _aУчебное пособие | |
| 300 | _aНа 4-й с. обл. авт.: Горбашко Е.А., д.э.н., проф. | ||
| 320 | _aБиблиогр.: с. 381-382 и в подстроч. примеч. | ||
| 320 | _aДр. работы авт. на 4-й с. обл. | ||
| 606 | 1 |
_aКачество продукции _jУчебные издания для высших учебных заведений _xУправление _91474335 _3RU\NLR\auth\66317705 |
|
| 686 |
_a65.290-82 _vLBC/RL _2rubbk |
||
| 686 | _aУ9(2)-823.2-21(2Р)я73 | ||
| 686 | _aУ5-823.2-21я73 | ||
| 700 | 1 |
_aГорбашко _bЕ. А. _f1958- _gЕлена Анатольевна _4070 |
|
| 801 | 0 |
_aRU _bНБР Удмуртия _c20080617 _grcr |
|
| 801 | 1 |
_aRU _bНБР Удмуртия _c20080617 _2rusmarc |
|
| 801 | 2 |
_aRU _bNLR _c20080811 _grcr |
|
| 830 | _aавт. по кн. | ||
| 942 | _cBOOK | ||
| 980 | _aNB | ||